000 00810cab a2200253 4500
001 WB3506-41
008 090401t1999 xxu||||| |||| 00| 0 eng d
035 _a(Sirsi) u91209
041 _aeng
245 _aChallenging the experts
260 _c1999
350 _a0
490 _aEstates Gazette
_v(9905) 6 February 1999, 160(1)
520 _aDiscusses whether an expert`s decision is open to challenge in rent reviews, citing case law. The only unchallengable decision is one that is within the expert`s `exclusive remit`.
650 _aCASE LAW
650 _aEXPERT OPINION
650 _aEXPERT WITNESSES
650 _aEXPERTS
650 _aNATIONAL GRID CO PLC V M25 GROUP LTD
650 _aRENT REVIEWS
690 _aLANDLORD AND TENANT-RENT REVIEWS
942 _n0
948 _c10/02/1999
999 _c57882
_d57882